Untersuchungen der statischen Gesetzmäßigkeiten des Stoßspannungsdurchschlages der Polymerisolation; 22. Internationales Wissenschaftliches Kolloquium, Technische Hochschule Ilmenau, 24.10. - 28.10. 1977; Vortragsreihe А 1 : Geräte und Anlagen des Elektroenergietransports

מידע ביבליוגרפי
Parent link:22. Internationales Wissenschaftliches Kolloquium, Technische Hochschule Ilmenau, 24.10. - 28.10. 1977.— , 1977
Vortragsreihe А 1 : Geräte und Anlagen des Elektroenergietransports.— 1977.— S. 59-62
מחבר ראשי: Washow (Washov) W. F. Wladislaw Fjodorowitsch
סיכום:В фонде НТБ ТПУ отсутствует
שפה:גרמנית
יצא לאור: 1977
נושאים:
פורמט: MixedMaterials Book Chapter
KOHA link:https://koha.lib.tpu.ru/cgi-bin/koha/opac-detail.pl?biblionumber=600502

MARC

LEADER 00000naa0a2200000 4500
001 600502
005 20250204093541.0
035 |a (RuTPU)RU\TPU\tpu\24962 
090 |a 600502 
100 |a 20140428d1977 k||y0rusy50 ba 
101 0 |a ger 
102 |a DE 
200 1 |a Untersuchungen der statischen Gesetzmäßigkeiten des Stoßspannungsdurchschlages der Polymerisolation  |f W. F. Washow (Washov) 
333 |a В фонде НТБ ТПУ отсутствует 
461 |t 22. Internationales Wissenschaftliches Kolloquium, Technische Hochschule Ilmenau, 24.10. - 28.10. 1977  |d 1977 
463 |t Vortragsreihe А 1 : Geräte und Anlagen des Elektroenergietransports  |v S. 59-62  |d 1977 
610 1 |a труды учёных ТПУ 
700 1 |a Washow (Washov)  |b W. F.  |c Fachmann auf dem Gebiet der Energetik  |c Dozent der Polytechnischen Universität Tomsk, Kandidat der technischen Wissenschaften  |f 1939-  |g Wladislaw Fjodorowitsch  |3 (RuTPU)RU\TPU\pers\32329 
801 1 |a RU  |b 63413507  |c 20140428 
801 2 |a RU  |b 63413507  |c 20140508  |g RCR 
942 |c BK